| 000 | 02455nam a2200445 c 4500 | ||
|---|---|---|---|
| 003 | BLK | ||
| 005 | 20220715090201.0 | ||
| 008 | 180411b bul|||||r ||||||| ||bul|| | ||
| 010 | _aKNG00182863000 | ||
| 020 |
_a978-954-398-380-3 _bиздат.: Труд |
||
| 040 | _aBLK | ||
| 041 |
_aBUL _cBUL |
||
| 072 | 7 |
_2bullib _aН20 _xРелигия. Теология Н |
|
| 080 |
_aРелигия на древните траки. Подразделя се като 291 _b292(=919.885) _x _z292(=919.885) |
||
| 080 |
_aХристология - Иисус Христос. Светото семейство. Дева Мария (Богородица). Йоан Кръстител _b232 _x _z232 |
||
| 080 |
_aМитичен тракийски певец и музикант, основал учението Орфизъм _b929 Орфей _x _z929 Орфей |
||
| 100 | 1 |
_aДанева, Никол _eпърви автор _gНиколова, Йорданка Стефанова _9276690 |
|
| 700 | 1 |
_aНиколова, Йорданка Стефанова _e* _9276692 |
|
| 139 |
_aДанева, Никол _bД 18 |
||
| 245 | 1 | 0 |
_aШифърът на кръста _bЗа приликата между Орфей и Христос, за кръста като орфически знак и неговия таен смисъл, за гностическата ерес, богомилите и маговете, както и версията за истинното учение на човека Иисус, комент. в светлината на ист. факти _cНикол Данева; * Йорданка Стефанова Николова. |
| 257 | _aBGR | ||
| 260 |
_аСофия _bТруд _c2014 _fСофия : Инвестпрес |
||
| 300 |
_a520 с. _c21 см |
||
| 380 | _a2 | ||
| 500 | _aНикол Данева - псевд. на Йорданка Стефанова Николова. - Библиогр. след всяка част и под линия. | ||
| 600 | 1 | 4 |
_aОрфей _9223631 |
| 600 | 1 | 4 |
_aИсус Христос _9242519 |
| 650 | 4 |
_aОрфей _9223631 |
|
| 650 | 4 |
_aИсус Христос _9242519 |
|
| 650 | 4 |
_aКонспирации _9159180 |
|
| 653 | _aОрфей | ||
| 653 | _aИсус Христос | ||
| 653 | _aорфизъм | ||
| 659 | _aН | ||
| 852 | _aЦб 277142 | ||
| 856 | 4 |
_qpdf _u |
|
| 856 | 4 |
_qpdf _u |
|
| 942 |
_cKNG _n0 _07 |
||
| 944 |
_aCR _c29.09.2015 _lф / _kВиолета_Тройчева |
||
| 944 |
_aED _c20.11.2015 _lф / _kЛюдмила_Стоянова |
||
| 999 |
_c174387 _d174387 |
||